Loading...
Fine Arts - Classical Music | 7 | 15.71 | 100% | 43% | 14% |
Fine Arts - Other Fine Arts | 5 | 20.00 | 80% | 80% | 40% |
Fine Arts - Visual Fine Arts | 7 | 21.43 | 100% | 100% | 14% |
Geography/Current Events | 3 | 20.00 | 100% | 100% | 0% |
History - American History | 7 | 24.29 | 100% | 100% | 43% |
History - European History | 6 | 20.00 | 100% | 67% | 33% |
History - Other History | 4 | 22.50 | 75% | 100% | 50% |
History - World History | 6 | 28.33 | 100% | 100% | 83% |
Literature - American Literature | 5 | 22.00 | 100% | 60% | 60% |
Literature - British Literature | 4 | 15.00 | 100% | 25% | 25% |
Literature - European Literature | 5 | 24.00 | 100% | 100% | 40% |
Literature - World/Other Literature | 4 | 17.50 | 100% | 75% | 0% |
Mythology | 4 | 22.50 | 100% | 100% | 25% |
Philosophy | 7 | 22.86 | 100% | 100% | 29% |
Religion | 7 | 18.57 | 100% | 43% | 43% |
Science - Biology | 4 | 25.00 | 100% | 100% | 50% |
Science - Chemistry | 5 | 18.00 | 100% | 60% | 20% |
Science - Other Science | 7 | 22.86 | 100% | 86% | 43% |
Science - Physics | 5 | 28.00 | 100% | 100% | 80% |
Social Science | 7 | 18.57 | 100% | 43% | 43% |
World/Other Literature> | 1 | 30.00 | 100% | 100% | 100% |